000 00877cam a2200277M 4500
001 ocn318259182
003 OCoLC
005 20211110134200.0
008 170202s2003 ck gr 001 0 spa d
020 _a9583351687
020 _a9789583351686
035 _a(OCoLC)318259182
040 _aCO-BoUCM
_bspa
_cSandra Palacio (modificó)
_dSandra Palacio
041 0 _aspa
100 1 _aRestrepo Salazar, Juan Camilo
_d1946-
_934541
245 1 0 _aRadiografía del referendo
_cJuan Camilo Restrepo Salazar
260 _aBogotá (Colombia)
_bJuan Camilo Restrepo
_c2003
300 _a103 páginas
500 _aIncluye índice
650 1 7 _aReferendum
_zColombia
_983814
650 7 _aPlebiscito
_921715
_zColombia
653 _aReferendo
690 _aCiencia política
_9340
942 _2DEWEY
_a6
_cLIBRO
_e1
_h328.861
_mR129ra
999 _c42740
_d42740